000 00293nam a2200145Ia 4500
100 _aRajam/J.B.
942 _cBK
654 _aPhysics
245 _aModern Physics
260 _bS.Chand and Co.
_aNew Delhi
_c1984
082 _a539
_bRAJ
300 _a619
546 _aENGLISH
999 _c34616
_d34616